| 000 | 00575nam a22001817a 4500 | ||
|---|---|---|---|
| 003 | SISC | ||
| 005 | 20160307143026.0 | ||
| 008 | 130823t xxu||||| |||| 00| 0 eng d | ||
| 050 |
_aPN 1995 _b.L734 1994 |
||
| 082 |
_aHS 778.59 _bLi63 1994 |
||
| 100 |
_aLimpus, Bruce _912667 |
||
| 245 |
_aLights, camera, action ! : _ba guide to video instruction and production in the classroom / _cBruce Limpus. |
||
| 260 |
_aWaco, Texas : _bPrufrock Press, _c1994. |
||
| 300 |
_a88 p. ; _c28 cm. |
||
| 650 |
_aVideotape recorders and recording _912668 |
||
| 942 |
_2lcc _cBK |
||
| 999 |
_c9173 _d9173 |
||